000 00617nam a2200229Ia 4500
001 34039
005 20240114001712.0
007 ta
008 070117s1940 g b000 u u
040 _aCotton College,Assam
082 _a491.25
_bOr 58 Sa
110 _aOriental Book Agency .
245 0 _aSanskrit Sabdarupawali /
_cOriental Book Agency.
_hTextual Documents
250 _a1st ed. /
260 _aPoona :
_bOriental Book Agency ,
_c1940.
300 _a48p. ;
_c18cm.
653 _aSanskrit Grammar
653 _aG-Languages
942 _2ddc
_cBK
999 _c34021
_d34021